Trilingual Lega Dictionary / (Record no. 2969)

MARC details
000 -LEADER
fixed length control field 00560nam a22001817a 4500
005 - DATE AND TIME OF INPUT
control field 20240830130852.0
008 - DATA ELEMENTS--GENERAL INFORMATION
fixed length control field 240830b |||||||| |||| 00| 0 eng d
020 ## - INTERNATIONAL STANDARD BOOK NUMBER
International Standard Book Number 0702127817
041 ## - LANGUAGE CODE
Language code of text English/Afrikaans/Latyn
082 ## - SHELF NUMBER
DDC number 340.03
100 ## - MAIN AUTHOR
Language of a work English/Afrikaans/Latin
245 ## - TITLE STATEMENT
Title Trilingual Lega Dictionary /
Statement of responsibility, etc. V.G Hiemstra and H.L Gonin
250 ## - EDITION STATEMENT
Edition statement Third Edition
260 ## - PUBLICATION, DISTRIBUTION, ETC.
Place of publication, distribution, etc. Cape Town:
Name of publisher, distributor, etc. Juta and Company Ltd,
Date of publication, distribution, etc. 1992
300 ## - PHYSICAL DESCRIPTION
Other physical details xvi, 498 pages;
Dimensions 26 cm.
650 ## - SUBJECT`
Broad subject Legal practice
Own subject terms Law
942 ## - ADDED ENTRY ELEMENTS (KOHA)
Item type Books
942 ## - ADDED ENTRY ELEMENTS (KOHA)
-- ALISON_BN_VRIES
Holdings
Source of classification or shelving scheme Not for loan Collection code Home library Current library Shelving location Date acquired Full call number Barcode Price effective from Koha item type
Dewey Decimal Classification   DICTIONARY LAW SOCIETY OF NAMIBIA LIBRARY - WINDHOEK LAW SOCIETY OF NAMIBIA LIBRARY - WINDHOEK DICTIONARY 08/30/2024 340.03 HIE LSN/2023/4129 08/30/2024 Books